Southville International School and Colleges
Your cart is empty.
  • Cart
  • Lists
    Public lists Eva Luna New books Lux_list list_1
    Your lists Log in to create your own lists
  • Log in to your account
  • Your cookies
  • Search history
Southville International School and Colleges
  • Advanced search
  • Recent comments
  • Most popular
  • Libraries

Log in to your account

Log in with GOOGLE


If you do not have an external account, but do have a local account, you can still log in:

  1. Home
  2. MARC view: Juan Luna /
Normal view MARC view ISBD view

Juan Luna / (Record no. 1562)

[ view plain ]
MARC details
000 -LEADER
fixed length control field 00627nam a22002417a 4500
003 - CONTROL NUMBER IDENTIFIER
control field OSt
005 - DATE AND TIME OF LATEST TRANSACTION
control field 20180723150222.0
008 - FIXED-LENGTH DATA ELEMENTS--GENERAL INFORMATION
fixed length control field 121208t xxu||||| |||| 00| 0 eng d
020 ## - INTERNATIONAL STANDARD BOOK NUMBER
International Standard Book Number 9716300026
050 ## - LIBRARY OF CONGRESS CALL NUMBER
Item number ND 1029
Classification number .Qu8 1992
082 ## - DEWEY DECIMAL CLASSIFICATION NUMBER
Classification number FIL 920
Item number .Q48 1992
100 ## - MAIN ENTRY--PERSONAL NAME
Personal name Quirino, Carlos
245 ## - TITLE STATEMENT
Title Juan Luna /
Statement of responsibility, etc Carlos Quirino.
260 ## - PUBLICATION, DISTRIBUTION, ETC. (IMPRINT)
Place of publication, distribution, etc Manila, Philippines :
Name of publisher, distributor, etc Tahanan Books for Young Readers
Date of publication, distribution, etc c1992
300 ## - PHYSICAL DESCRIPTION
Extent 32 p. :
Other physical details ill. ;
Dimensions 25 cm.
650 ## - SUBJECT ADDED ENTRY--TOPICAL TERM
Topical term or geographic name as entry element Luna, Juan
650 ## - SUBJECT ADDED ENTRY--TOPICAL TERM
Topical term or geographic name as entry element Heroes
General subdivision Philippines
-- Biography
942 ## - ADDED ENTRY ELEMENTS (KOHA)
Source of classification or shelving scheme Library of Congress Classification
Koha item type Books
Holdings
Withdrawn status Lost status Source of classification or shelving scheme Damaged status Home library Current library Shelving location Date acquired Total Checkouts Full call number Barcode Date last seen Copy number Price effective from Koha item type Source of acquisition Date checked out Total Renewals
    Library of Congress Classification   Luxembourg Library Luxembourg Library Filipiniana Section 12/08/2012   ND 1029 .Qu8 1992 5619 08/13/2014 1 10/03/2013 Books      
    Library of Congress Classification   Luxembourg Library Luxembourg Library Filipiniana Section 06/29/2013 1 ND 1029 .Qu8 1992 0486 08/22/2014 2 06/29/2013 Books Donation 06/17/2014  
    Library of Congress Classification   Luxembourg Library Luxembourg Library Filipiniana Section 06/29/2013 1 ND 1029 .Qu8 1992 0487 03/09/2016 3 06/29/2013 Books   01/13/2016 5
    Library of Congress Classification   Luxembourg Library Luxembourg Library Filipiniana Section 06/29/2013   ND 1029 .Qu8 1992 7626 08/13/2014 4 06/29/2013 Books      

Juan Luna /

APA

Quirino C., . (1992). Juan Luna. Manila, Philippines: Tahanan Books for Young Readers.

Chicago

Quirino Carlos, . 1992. Juan Luna. Manila, Philippines: Tahanan Books for Young Readers.

Harvard

Quirino C., . (1992). Juan Luna. Manila, Philippines: Tahanan Books for Young Readers.

MLA

Quirino Carlos, . Juan Luna. Manila, Philippines: Tahanan Books for Young Readers. 1992.

  • Place hold
  • Print
  • Cite
  • Add to your cart (remove)
  • Save record
    BIBTEX Dublin Core MARCXML MARC (non-Unicode/MARC-8) MARC (Unicode/UTF-8) MARC (Unicode/UTF-8, Standard) MODS (XML) RIS
  • More searches
    Search for this title in:
    Other Libraries (WorldCat) Other Databases (Google Scholar) Online Stores (Bookfinder.com) Open Library (openlibrary.org)

Exporting to Dublin Core...

SOUTHVILLE LIBRARY

Southville International School and Colleges Library

1281 Tropical Ave. Cor. Luxembourg St., BF Homes International, Las Pinas City

Tel. No. 8256374 / 252358 Loc. 117/146

Powered by Koha